000 00793cam a22002651 4500
001 8438363
003 ARRUPE
005 20140121143231.0
008 770322m19621961enk 000 0 eng
010 _a 62006097
035 _a(OCoLC)2823493
040 _aDLC
_cPCoR
_dOCoLC
_dDLC
042 _apremarc
050 0 0 _aDT766
_b.K4 1962
100 2 _aKeppel-Jones, Arthur.
_96834
245 1 0 _aSouth Africa;
_ba short history.
250 _a[3d (rev.) ed.]
260 _aLondon,
_bHutchinson University Library
_aNew York,
_bHillary House]
_c[1962, c1961]
300 _a232 p.
_c19 cm.
490 0 _aCommonwealth history
504 _aIncludes bibliography.
651 0 _aSouth Africa
_xHistory.
_96835
906 _a7
_bcbc
_coclcrpl
_du
_encip
_f19
_gy-gencatlg
942 _2lcc
_cMONOGRAPH
999 _c119620
_d119620